Faktory vplývajúce na výskyt rizík informačnej bezpečnosti

Základy zmysluplného a efektívneho riadenia informačnej bezpečnosti a správa rizík. Externé a interné faktory, ktoré majú vplyv na výskyt jednotlivých rizík. Pravidelná aktualizácia analýzy rizík umožní prispôsobiť stratégiu informačnej bezpečnosti na všetkých zainteresovaných stranách vo vnútri pod...

ver descrição completa

Na minha lista:
Detalhes bibliográficos
Autor principal: Bolek, Vladimír, 1988-
Formato: Capítulo de Livro
Idioma:eslovaco
Assuntos:
Tags: Adicionar Tag
Sem tags, seja o primeiro a adicionar uma tag!

MARC

LEADER 00000nla a2200000 4500
001 0211230
005 20240610085228.7
041 0 |a slo 
044 |a SK 
245 1 0 |a Faktory vplývajúce na výskyt rizík informačnej bezpečnosti  |c Vladimír Bolek 
520 |a Základy zmysluplného a efektívneho riadenia informačnej bezpečnosti a správa rizík. Externé a interné faktory, ktoré majú vplyv na výskyt jednotlivých rizík. Pravidelná aktualizácia analýzy rizík umožní prispôsobiť stratégiu informačnej bezpečnosti na všetkých zainteresovaných stranách vo vnútri podniku. 
610 2 0 |a manažment informačný 
610 2 0 |a bezpečnosť informačná 
610 2 0 |a systémy informačné 
610 2 0 |a proces informačný 
610 2 0 |a technológie informačné 
610 2 0 |a technológie komunikačné 
100 1 |a Bolek, Vladimír, 1988-